Guatemala City Quiz - Statistics

General Stats
  • This quiz has been taken 31 times
  • The average score is 3 of 8
Answer Stats
City % Correct
Guatemala City
96%
Coban
46%
Quetzaltenango
46%
Mixco
33%
Villa Nueva
25%
Jalapa
21%
Escuintla
17%
San Juan Sacatepequez
4%
No matching quizzes found
Score Distribution
Percent of People with Each Score
Percentile by Number Answered
Your Score History
You have not taken this quiz